| 000 | 01118cam a22002531i 4500 | ||
|---|---|---|---|
| 003 | SA-RiAUC | ||
| 005 | 20250915120451.0 | ||
| 008 | 250909s1960 sy g 000 0 ara c | ||
| 040 |
_aSA-JeALM _bara _cSA-RiAUC _erda |
||
| 043 | _aa-sy--- | ||
| 082 | 0 | 4 | _a956.531 |
| 090 |
_a956.531 _bع ب د ق |
||
| 100 | 1 |
_aعبد القادر بدران، عبد القادر بن أحمد بن مصطفى، _d1280-1346 هجري _eمؤلف. |
|
| 245 | 1 | 0 |
_aمنادمة الأطلال ومسامرة الخيال : _bالآثار الدمشقية والمعاهد العلمية / _cتأليف عبد القادر بدران. |
| 264 | 1 |
_aدمشق : _bالمكتب الإسلامي للطباعة والنشر، _c1960 |
|
| 300 |
_a451 صفحة ؛ _bخطأ في ترقيم الصفحات من ص 427 _c28 سم. |
||
| 336 |
_aنص _btxt _2rdacontent _3كتاب |
||
| 337 |
_aبدون وسيط _bn _2rdamedia |
||
| 338 |
_aمجلد _bnc _2rdacarrier |
||
| 651 | 7 |
_aدمشق (سوريا) _xآثار _2aucsh |
|
| 651 | 7 |
_aدمشق (سوريا) _xتاريخ _2aucsh |
|
| 942 |
_2ddc _cBOOK _n0 |
||
| 949 |
_aSA-JeALM _d250909 _uosman123 _n1 |
||
| 999 |
_c11770 _d11770 |
||